ARRUPE JESUIT UNIVERSITY

CORONAVIRUS -STOP THE SPREAD - CLEAN,DISINFECT,COVER
Normal view MARC view

Entry Topical Term

Number of records used in: 1

001 - CONTROL NUMBER

  • control field: 4403

003 - CONTROL NUMBER IDENTIFIER

  • control field: ARRUPE

005 - DATE AND TIME OF LATEST TRANSACTION

  • control field: 20131129113732.0

008 - FIXED-LENGTH DATA ELEMENTS

  • fixed length control field: 131129|| aca||aabn | a|a d

040 ## - CATALOGING SOURCE

  • Original cataloging agency: ARRUPE
  • Transcribing agency: ARRUPE

150 ## - HEADING--TOPICAL TERM

  • Topical term or geographic name as entry element: Africa - History - 1960-; Africa - Politics - 1960-; Africa - Social conditions - 1960-

670 ## - SOURCE DATA FOUND

  • Source citation: Work cat.: (ARRUPE): Kapuscinski, Ryszard 4402, The Shadow of the sun, 2001

 

Arrupe Library. PO Box MP320 Mt Pleasant, Harare, Zimbabwe
263 242 745411|librarian@aju.ac.zw